000 00587nam a2200205Ia 4500
005 20250923144648.0
008 008 250917s9999 xx 000 0 eng d
037 _aTextual
040 _aDSWL
_beng
_cDSWL
041 _aeng
_2eng
084 _aW:28, J9
_qDSWL
100 _aRuthnaswamy, M.
_9827119
245 0 _aPrinciples and practice of public administration
_cby M. Ruthnaswamy
260 _aAllahabad
_bCentral Work Depot
_c1959
300 _a303p.
365 _aINR
_b8.75
925 _g8.75
942 _cTEXL
_hW:28, J9
999 _c1441759
_d1441759